Základné princípy tvorby rámcovej účtovej osnovy v Slovenskej republike bakalárska práca

Na minha lista:
Detalhes bibliográficos
Autor principal: Gubiš, Matej
Autor Corporativo: Fakulta hospodárskej informatiky EU. Katedra účtovníctva a audítorstva
Outros Autores: Surový, Vladimír
Formato: Livro
Idioma:eslovaco
Publicado em: Bratislava 2012
Tags: Adicionar Tag
Sem tags, seja o primeiro a adicionar uma tag!

MARC

LEADER 00000nbm a2200000 4500
001 0159278
005 20161109112011.9
041 0 |a slo 
044 |a SK 
245 1 0 |a Základné princípy tvorby rámcovej účtovej osnovy v Slovenskej republike  |b bakalárska práca  |c Matej Gubiš ; školiteľ: Vladimír Surový 
264 1 |a Bratislava  |c 2012 
300 |a 44 s. 
100 1 |a Gubiš, Matej 
700 1 |a Surový, Vladimír 
710 2 |a Fakulta hospodárskej informatiky EU. Katedra účtovníctva a audítorstva